Handbook of sequential analysis

Saved in:
Bibliografiske detaljer
Main Authors: Ghosh, Bhaskar Kumar (Author), Sen, Pranab Kumar (Author)
Format: Bog
Sprog:engelsk
Udgivet: Nueva York Marcel Dekker 1991
Serier:Series Statistics: Textbook and Monographs, 118
Fag:
Tags: Tilføj Tag
Ingen Tags, Vær først til at tagge denne postø!

MARC

LEADER 00000nam a2200000 a 4500
001 UCZ8375
003 CL-VaPUC
008 960119e19910000US |||||||||||||||||eng|d
082 0 4 |a 519.5  |b GHO  |2 21 
100 |a Ghosh, Bhaskar Kumar  |e author  |9 353647 
700 0 |a Sen, Pranab Kumar  |e author  |9 353648 
245 1 0 |a Handbook of sequential analysis 
300 |a 637 p 
942 |c BK 
945 |d 19960119 00:00:00  |a mcarcey 
260 |a Nueva York  |b Marcel Dekker  |c 1991 
650 0 |a Análisis secuencial  |9 270666 
650 0 |a Estadística   |9 259535 
650 7 |a MULTIVARIABLES  |2 CL-VaPUC  |9 353649 
583 |a last modification  |c 19960119 00:00:00  |k Rodrigo Vera 
490 0 |a Series Statistics: Textbook and Monographs, 118 
999 |c 244296  |d 244294 
952 |0 0  |1 0  |4 0  |6 519_500000000000000_GHO_1991  |7 0  |8 A  |9 258304  |a BIBGIM  |b BIBGIM  |d 2019-11-19  |i 3171809  |o 519.5 GHO 1991  |p 3171809  |r 2025-01-15  |w 2019-11-19  |y BK  |k EST